|
|
|
|
| LEADER |
00000nam a2200000 a 4500 |
| 001 |
vtls001360902 |
| 003 |
SK-MaSNL |
| 005 |
20260301010651.0 |
| 008 |
251113s1997 DE ab r 0 ger |
| 020 |
|
|
|a 377760755X
|c [67,00]
|
| 035 |
|
|
|a SNK000314468
|
| 040 |
|
|
|a SNK
|b slo
|c SNK
|e AACR2
|
| 044 |
|
|
|a DE
|
| 080 |
|
|
|a 803.0-087:801.54=3
|2 1981
|
| 100 |
1 |
|
|a Lerchner, Gotthard,
|d 1935-
|4 aut
|9 292835
|
| 245 |
1 |
0 |
|a Regionale Identität und standardsprachliche Entwicklung
|b Aspekte einer sächsischen Sprachgeschichte
|c Gotthard Lerchner
|
| 260 |
|
|
|a Stuttgart [etc.]
|b S. Hirzel
|c c1997
|
| 300 |
|
|
|a 30 s.
|c 22 cm
|
| 490 |
1 |
|
|a Sitzungsberichte der Sächsischen Akademie der Wissenschaften zu Leipzig. Philologisch-historische Klasse
|x 0138-3957
|v Bd. 135
|v H. 1
|
| 650 |
0 |
7 |
|a nemčina
|x nárečia
|x etymológia
|x štúdie filozoficko-historické
|2 SNK
|9 292836
|
| 830 |
|
0 |
|a Sitzungsberichte der Sächsischen Akademie der Wissenschaften zu Leipzig. Philologisch-historische Klasse
|9 292837
|
| 919 |
|
|
|a 3-7776-0755-X
|
| 999 |
|
|
|c 548779
|d 550709
|
| 952 |
|
|
|t P60, <04>, [BOOK], {604}
|a SNK
|b SNK
|y VYP
|7 0
|p 17A0189738
|o snkIC 127737
|i snkV 352/99
|0 0
|1 0
|4 0
|d 1999-04-22
|l 0
|r 2005-01-02 00:00:00
|w 2026-02-23
|